00653cam a22002171 4500001001300000003000400013005001700017008004100034010001700075035002000092040002300112042001200135050001600147100002900163245009700192260005600289300003100345504002700376650001500403999001700418ne 66000688 DLC20260227111822.0840113s1964 le 000 0 arar  ane 66000688  a(OCoLC)10297121 aDLCcTxUdTxUdDLC apremarc00aLA2303b.K51 aKhūrī, Anṭwān M.10aAʻlām al-tarbiyah,bḥayātuhum, āthāruhumc[taʼlīf] Anṭwān M. al-Khūrī. a[Bayrūt,bDār al-Kitāb al-Lubnānī,c1964] a235 p. :bports. ;c24 cm. aBibliography: p. [231] 0aEducators. c48789d48789